| 000 | 00448nam a22001217a 4500 | ||
|---|---|---|---|
| 082 | _a220 PRO | ||
| 100 |
_aM Abdullah Afaq, M Umar Masood, Ahmed Kamal, Muhammad Shahzaib, Mohammad Ahmed _971111 |
||
| 245 | _aPR-SOF-1416-DEVELOPMENT OF MANIPULATOR, CONTROL AND ANALYSIS OF UNMANNED GROUND VEHICLES | ||
| 260 |
_aISLAMABAD _bNUST COLLEGE OF EME _c2015 |
||
| 650 | _aDE-MTS-33 | ||
| 700 |
_a Dr. Javaid Iqbal Lt Col Nasir Rashid _971112 |
||
| 942 | _cCR | ||
| 999 |
_c577814 _d577814 |
||